Countries with most public holidays - Statistics

General Stats
  • This quiz has been taken 22 times
  • The average score is 7 of 12
Answer Stats
Country % Correct
India
91%
Japan
91%
China
86%
Malaysia
64%
Pakistan
64%
Philippines
59%
Sweden
59%
Turkey
50%
Vietnam
50%
Argentina
36%
Colombia
27%
Lithuania
18%
No matching quizzes found
Score Distribution
Percent of People with Each Score
Percentile by Number Answered
Your Score History
You have not taken this quiz